000 00424nam a2200181Ia 4500
001 23235
005 20260414150924.0
008 260414t2009||||xx |||||||||||||| ||spa||
041 _aESP
082 _a627.13
_bCH269
100 _aChow, Ven Te
_eAUT
245 0 _aOpen- Channel hydraulics
_b
260 _c2009
300 _axviii, 680 páginas :
_c23 cm.
650 _a0
654 _aCIC
942 _cLIB
_dJUS
_fJUS
_2ddc
_n
999 _c23235
_d23235